Statistics for Most Caps in International Football (Soccer)

Click here to take the quiz!

General Stats

  • This quiz has been taken 31 times
  • The average score is 6 of 30

Answer Stats

PositionNumber of CapsCountry RepresentingPlayer% Correct
FWD173PortugalCristiano Ronaldo
97%
GK176ItalyGianluigi Buffon
72%
GK167SpainIker Casillas
72%
DEF180SpainSergio Ramos
72%
MID157United StatesLandon Donovan
62%
MID150GermanyLothar Matthaus
48%
FWD149IranAli Daei
31%
MID151United StatesMichael Bradley
24%
MID165MexicoAndres Guardado
21%
MID164United StatesCobi Jones
21%
MID184EgyptAhmed Hassan
14%
FWD176EgyptHossam Hassan
14%
GK159EgyptEssam El-Hadary
7%
DEF168EcuadorIvan Hurtado
7%
MID151IranJavad Nekounam
7%
GK178Saudi ArabiaMohamed Al-Deayea
7%
MID157EstoniaMartin Reim
3%
DEF165HondurasMaynor Figueroa
3%
FWD156Saudi ArabiaSami Al-Jaber
3%
MID167LatviaVitalijs Astafjevs
3%
MID152JapanYusuhito Endo
3%
FWD161United Arab EmiratesAdnan Al Tayani
0%
MID180OmanAhmed Mubarak
0%
GK176JordanAmer Shafi
0%
MID181KuwaitBader Al-Mutawa
0%
DEF177MexicoClaudio Suarez
0%
MID150OmanFawzi Bashir
0%
DEF163Saudi ArabiaMohammed Al-Khilaiwi
0%
DEF/MID156BahrainSalman Isa
0%
DEF159MalawiYoung Chimodzi
0%

Score Distribution

Percentile by Number Answered

Percent of People with Each Score

Your Score History

You have not taken this quiz